DIGITAL AUDIO EDITING:CORRECTING AND ENHANCING AUDIO IN PRO TOOLS ,LOGIC PRO,CUBASE AND STUDIO ONE. (Record no. 12802)

MARC details
000 -LEADER
fixed length control field 00538nam a22001697a 4500
003 - CONTROL NUMBER IDENTIFIER
control field SGT
020 ## - INTERNATIONAL STANDARD BOOK NUMBER
International Standard Book Number 978-0415829588
082 ## - DEWEY DECIMAL CLASSIFICATION NUMBER
Classification number 302.23
Item number D14L
100 ## - MAIN ENTRY--PERSONAL NAME
Personal name LANGFORD,SIMON
245 ## - TITLE STATEMENT
Title DIGITAL AUDIO EDITING:CORRECTING AND ENHANCING AUDIO IN PRO TOOLS ,LOGIC PRO,CUBASE AND STUDIO ONE.
250 ## - EDITION STATEMENT
Edition statement 1ST
260 ## - PUBLICATION, DISTRIBUTION, ETC. (IMPRINT)
Place of publication, distribution, etc NEW YORK
Name of publisher, distributor, etc FACAL PRESS
Year of Publication 2014
300 ## - PAGE DESCRIPTION
No. of Pages 322
650 ## - SUBJECT ADDED ENTRY--TOPICAL TERM
Topical term or geographic name as entry element MASS COMMUNICATION
653 ## - KEYWORDS--INDEX TERM
Keyword term DIGITAL AUDIO EDITING:CORRECTING AND ENHANCING AUDIO IN PRO TOOLS ,LOGIC PRO,CUBASE AND STUDIO ONE.
942 ## - ADDED ENTRY ELEMENTS (KOHA)
Source of classification or shelving scheme Dewey Decimal Classification
Koha item type Books
Holdings
Withdrawn status Lost status Source of classification or shelving scheme Damaged status Not for loan Collection code Home library Current library Shelving location Date acquired Vendor Name Cost, normal purchase price SGTU Bill Number Total Checkouts Total Renewals Full call number Accession No. (Barcode) Date last seen Date last borrowed Bill Date Koha item type
    Dewey Decimal Classification     MASS COMMUNICATION SGT Science & Social Sciences Library SGT Science & Social Sciences Library Reference Book 04/08/2017 AHUJA BOOKS PUBLISHER 2791.00 SGTU 6770 4 3 302.23 D14L MC52 17/06/2025 03/06/2025 19/03/2016 Books
    Dewey Decimal Classification   Staff Collection MASS COMMUNICATION SGT Science & Social Sciences Library SGT Science & Social Sciences Library Reference Book 04/08/2017 AHUJA BOOKS PUBLISHER 2791.00 SGTU 6770     302.23 D14L MC53 04/08/2017   19/03/2016 Books